000 00455nam a2200181Ia 4500
008 100917s9999 xx 000 0 und d
082 _b31039
100 _aघाटे निरंजन
245 _aआक्रमण
260 _bमनोहर प्रकाशन
_c1976
300 _a79
365 _b5
520 _aकथा
630 _aआक्रमण
650 _aकथा
730 _aआक्रमण
942 _cBOOK
999 _c636433
_d636430